Linked Birth/Infant Death Data, 1983 Birth Cohort: (United States)

This data collection consists of two data files, which can be used to determine infant mortality rates. The first file provides linked records of live births and deaths of children born in the United States in 1983 (residents and nonresidents). This file is referred to as the "numerator" f...

Ausführliche Beschreibung

Gespeichert in:  
Bibliographische Detailangaben
Körperschaft: United States Department of Health and Human Services. National Center for Health Statistics. VerfasserIn (Verfasst von)
Medienart: Elektronisch Forschungsdaten
Sprache:Englisch
Veröffentlicht: [Erscheinungsort nicht ermittelbar] [Verlag nicht ermittelbar] 2002
In:Jahr: 2002
Online-Zugang: Volltext (kostenfrei)
Verfügbarkeit prüfen: HBZ Gateway
Schlagwörter:

MARC

LEADER 00000cam a22000002c 4500
001 1902792548
003 DE-627
005 20250706103039.0
007 cr uuu---uuuuu
008 240918s2002 xx |||||o 00| ||eng c
024 7 |a 10.3886/ICPSR03264.v1  |2 doi 
035 |a (DE-627)1902792548 
035 |a (DE-599)KXP1902792548 
040 |a DE-627  |b ger  |c DE-627  |e rda 
041 |a eng 
084 |a 2,1  |2 ssgn 
110 2 |a United States Department of Health and Human Services. National Center for Health Statistics  |e VerfasserIn  |4 aut 
245 1 0 |a Linked Birth/Infant Death Data, 1983 Birth Cohort: (United States) 
264 1 |a [Erscheinungsort nicht ermittelbar]  |b [Verlag nicht ermittelbar]  |c 2002 
336 |a Text  |b txt  |2 rdacontent 
337 |a Computermedien  |b c  |2 rdamedia 
338 |a Online-Ressource  |b cr  |2 rdacarrier 
520 |a This data collection consists of two data files, which can be used to determine infant mortality rates. The first file provides linked records of live births and deaths of children born in the United States in 1983 (residents and nonresidents). This file is referred to as the "numerator" file. The second file consists of live births in the United States in 1983 and is referred to as the "denominator" file. Variables include year of birth, state and county of birth, characteristics of the infant (age, sex, race, birth weight, gestation), characteristics of the mother (origin, race, age, education, marital status, state of birth), characteristics of the father (origin, race, age, education), pregnancy items (prenatal care, live births), and medical data. 
540 |a ICPSR Terms of Use 
650 4 |a Birth 
650 4 |a birth rates 
650 4 |a birth records 
650 4 |a infant mortality 
650 4 |a live births 
650 4 |a medical records 
650 4 |a Parents 
650 4 |a Pregnancy 
650 4 |a Prenatal Care 
650 4 |a reproductive history 
650 4 |a vital statistics 
655 7 |a Forschungsdaten  |0 (DE-588)1098579690  |0 (DE-627)857755366  |0 (DE-576)469182156  |2 gnd-content 
787 0 8 |i Forschungsdaten zu  |a Holman, Robert C.  |t The epidemiology of necrotizing enterocolitis infant mortality in the United States  |d 1997  |w (DE-627)1912537907 
787 0 8 |i Forschungsdaten zu  |a Dobrin, Adam  |t Statistical Handbook on Violence in America  |d [Erscheinungsort nicht ermittelbar] : Oryx Press, 1996  |w (DE-627)1912712407 
856 4 0 |u https://doi.org/10.3886/ICPSR03264.v1  |x Resolving-System  |z kostenfrei  |3 Volltext  |7 0 
935 |a mkri 
951 |a BO 
ELC |a 1 
LOK |0 000 xxxxxcx a22 zn 4500 
LOK |0 001 4581183987 
LOK |0 003 DE-627 
LOK |0 004 1902792548 
LOK |0 005 20240918043620 
LOK |0 008 240918||||||||||||||||ger||||||| 
LOK |0 035   |a (DE-2619)ICPSR3264 
LOK |0 040   |a DE-2619  |c DE-627  |d DE-2619 
LOK |0 092   |o n 
LOK |0 852   |a DE-2619 
LOK |0 852 1  |9 00 
LOK |0 935   |a foda  |a nacj 
LOK |0 939   |a 18-09-24  |b l01 
OAS |a 1 
ORI |a SA-MARC-krimdoka001.raw